<?xml version="1.0" encoding="UTF-8"?><?xml-stylesheet type="text/xsl" href="static/style.xsl"?><OAI-PMH xmlns="http://www.openarchives.org/OAI/2.0/" xmlns:xsi="http://www.w3.org/2001/XMLSchema-instance" xsi:schemaLocation="http://www.openarchives.org/OAI/2.0/ http://www.openarchives.org/OAI/2.0/OAI-PMH.xsd"><responseDate>2026-04-30T05:20:30Z</responseDate><request verb="GetRecord" identifier="oai:uvadoc.uva.es:10324/44687" metadataPrefix="marc">https://uvadoc.uva.es/oai/request</request><GetRecord><record><header><identifier>oai:uvadoc.uva.es:10324/44687</identifier><datestamp>2021-06-30T04:10:49Z</datestamp><setSpec>com_10324_38</setSpec><setSpec>col_10324_852</setSpec></header><metadata><record xmlns="http://www.loc.gov/MARC21/slim" xmlns:doc="http://www.lyncode.com/xoai" xmlns:xsi="http://www.w3.org/2001/XMLSchema-instance" xmlns:dcterms="http://purl.org/dc/terms/" xsi:schemaLocation="http://www.loc.gov/MARC21/slim http://www.loc.gov/standards/marcxml/schema/MARC21slim.xsd">
<leader>00925njm 22002777a 4500</leader>
<datafield tag="042" ind1=" " ind2=" ">
<subfield code="a">dc</subfield>
</datafield>
<datafield tag="720" ind1=" " ind2=" ">
<subfield code="a">Díaz Álvarez, Natalia Lucía</subfield>
<subfield code="e">author</subfield>
</datafield>
<datafield tag="260" ind1=" " ind2=" ">
<subfield code="c">2020</subfield>
</datafield>
<datafield tag="520" ind1=" " ind2=" ">
<subfield code="a">La publicidad, hoy en día, es muy importante ya que se trata de la única forma de transmitir al mercado lo que las empresas quieren en relación a sus proyectos/servicios, intentando construir una imagen que le diferencie del resto de competidores y que atraiga a un mayor número de clientes.&#xd;
En definitiva, trata de lograr una cierta reputación que provoque una buena percepción por parte del cliente y que influya en sus decisiones de compra.&#xd;
La publicidad, es por tanto, una gran estrategia empresarial que no sólo genera un aumento de valor añadido en los productos y servicios asociados, sino que además genera valores positivos al tratar de difundir ideas sobre los mismos, llevando consigo un gran estímulo para las ventas, y por consiguiente, un aumento en los beneficios.&#xd;
La publicidad es el arte de la persuasión, la información y la seducción, una mágica amalgama de sueños y deseos contados de forma única, atractiva y original para conectar productos y marcas con personas o clientes.</subfield>
</datafield>
<datafield tag="024" ind2=" " ind1="8">
<subfield code="a">http://uvadoc.uva.es/handle/10324/44687</subfield>
</datafield>
<datafield tag="245" ind1="0" ind2="0">
<subfield code="a">Análisis de la Agencia de Publicidad: Feeling Comunication</subfield>
</datafield>
</record></metadata></record></GetRecord></OAI-PMH>